Maréchaux français - Mort subite - Statistiques

Statistiques générales
  • Ce quiz a été pris 280 fois
  • Le résultat moyen est 5 sur 18
Answers on the Grid
Answers color-coded by a green-red scale on the quiz's grid according to % correct below.
Alphonse Juin
Joseph Gallieni
Charles de Gaulle
Maximilien de Robespierre
Jean Bart
Ferdinand Foch
Pierre Bosquet
Georges Guynemer
Charles de Talleyrand
Joseph Joffre
Napoléon Bonaparte
Paul Azan
Antoine de Saint-Exupéry
Adolphe Niel
Lazare Hoche
Jerôme Bonaparte
Jean-Baptiste Kléber
Jean Lannes
François Kellermann
Pierre Kœnig
Nicolas Oudinot
Jean Murat
Honoré Reille
Guillaume Brune
Louis Davout
Jacques Mitterrand
André Masséna
Gabriel Molitor
Albéric Clément
Louis-Gabriel Suchet
 
Statistiques - réponses
Réponse % Correct
Ferdinand Foch
63%
Joseph Joffre
57%
Louis Davout
41%
André Masséna
40%
Alphonse Juin
39%
Jean Lannes
38%
François Kellermann
31%
Joseph Gallieni
29%
Pierre Kœnig
29%
Guillaume Brune
27%
Louis-Gabriel Suchet
25%
Nicolas Oudinot
25%
Jerôme Bonaparte
14%
Adolphe Niel
9%
Albéric Clément
8%
Pierre Bosquet
7%
Gabriel Molitor
6%
Honoré Reille
4%
Aucun quiz correspondant
Distribution des résultats
% des personnes avec chaque résultat
Percentile par nombre de réponses
Votre historique - résultats
Vous n’avez pas pris ce quiz